Derechos humanos y discapacidad (Registro nro. 24233)
[ vista simple ]
| 000 -LEADER | |
|---|---|
| fixed length control field | 00306 a2200109 4500 |
| 001 - CONTROL NUMBER | |
| control field | ART_44225 |
| 005 - DATE AND TIME OF LATEST TRANSACTION | |
| control field | 20260410161842.0 |
| 008 - FIXED-LENGTH DATA ELEMENTS--GENERAL INFORMATION | |
| fixed length control field | 260409a |
| 100 1# - MAIN ENTRY--PERSONAL NAME | |
| Personal name | Savignano, Luciano C. |
| 245 10 - TITLE STATEMENT | |
| Title | Derechos humanos y discapacidad |
| 773 0# - HOST ITEM ENTRY | |
| Title | RAP |
| Related parts | - Año 39, Nº 468 (sep. 2017) |
| Record control number | REV5941 |
No hay ítems disponibles.